Between two horizons : (Record no. 58903)
[ view plain ]
| 000 -LEADER | |
|---|---|
| fixed length control field | 00669nam a2200181 4500 |
| 008 - FIXED-LENGTH DATA ELEMENTS--GENERAL INFORMATION | |
| fixed length control field | 240123b ||||| |||| 00| 0 eng d |
| 020 ## - INTERNATIONAL STANDARD BOOK NUMBER | |
| International Standard Book Number | 9780802845412 |
| 050 ## - LIBRARY OF CONGRESS CALL NUMBER | |
| Classification number | BS2331 |
| Item number | .B48 2000 |
| 245 ## - TITLE STATEMENT | |
| Title | Between two horizons : |
| Remainder of title | spanning New Testament studies and systematic theology/ |
| Statement of responsibility, etc | edited by Joel B. Green and Max Turner. |
| 260 ## - PUBLICATION, DISTRIBUTION, ETC. (IMPRINT) | |
| Place of publication, distribution, etc | Grand Rapids, Mich. : |
| Name of publisher, distributor, etc | W.B. Eerdmans, | |
| Date of publication, distribution, etc | 2000. |
| 300 ## - PHYSICAL DESCRIPTION | |
| Extent | x, 246 p. : |
| Other physical details | ill. ; |
| Dimensions | 23 cm |
| 500 ## - GENERAL NOTE | |
| General note | Includes bibliographical references and index. |
| 650 ## - SUBJECT ADDED ENTRY--TOPICAL TERM | |
| Topical term or geographic name as entry element | Bible. |
| Form subdivision | New Testament |
| General subdivision | Hermeneutics |
| 650 ## - SUBJECT ADDED ENTRY--TOPICAL TERM | |
| Topical term or geographic name as entry element | Bible. |
| Form subdivision | New Testament |
| General subdivision | Theology |
| 700 ## - ADDED ENTRY--PERSONAL NAME | |
| Personal name | Green, Joel B., |
| 700 ## - ADDED ENTRY--PERSONAL NAME | |
| Personal name | Turner, Max, |
| 942 ## - ADDED ENTRY ELEMENTS (KOHA) | |
| Source of classification or shelving scheme | Library of Congress Classification |
| Item type | Book |
| Withdrawn status | Lost status | Source of classification or shelving scheme | Damaged status | Not for loan | Collection code | Home library | Current library | Shelving location | Date acquired | Source of acquisition | Cost, normal purchase price | Full call number | Barcode | Date last seen | Copy number | Price effective from | Koha item type |
|---|---|---|---|---|---|---|---|---|---|---|---|---|---|---|---|---|---|
| Library of Congress Classification | Non-fiction | Bishop Okullu Memorial Library (Limuru Campus) | Bishop Okullu Memorial Library (Limuru Campus) | General Circulation | 23/01/2024 | donation | 2500.00 | BS2331 .B48 2000 | 070976 | 23/01/2024 | 1 | 23/01/2024 | Book | ||||
| Library of Congress Classification | Non-fiction | Bishop Okullu Memorial Library (Limuru Campus) | Bishop Okullu Memorial Library (Limuru Campus) | General Circulation | 23/01/2024 | donation | 2500.00 | BS2331 .B48 2000 | 070977 | 23/01/2024 | 2 | 23/01/2024 | Book | ||||
| Library of Congress Classification | Non-fiction | Joshua & Timothy School of Theology Library (JTSOT) | Joshua & Timothy School of Theology Library (JTSOT) | General Circulation | 23/01/2024 | donation | 2500.00 | BS2331 .B48 2000 | 070978 | 23/01/2024 | 3 | 23/01/2024 | Book |